| 000 | 01138nam a2200313 a 4500 | ||
|---|---|---|---|
| 001 | 60374 | ||
| 003 | BD-RjUL | ||
| 005 | 20211209080830.0 | ||
| 008 | 161231s2005 dcua b i001 0 eng d | ||
| 020 | _a0821361856 | ||
| 035 | _a(BD-RjUL)60498 | ||
| 040 |
_aDLC _cDLC _dDLC _dBD-RjUL _beng |
||
| 041 | _aeng | ||
| 082 | 0 | 0 |
_a331.25220956 _223 _bROP 2005 |
| 100 | 1 |
_aRobalino, David A. _9179670 |
|
| 245 | 1 | 0 |
_aPensions in the Middle East and North Africa : _btime for change / _cDavid A. Robalino with Edward Whitehouse ... [et al.]. |
| 260 |
_aWashington, D.C. : _bWorld Bank, _cc2005. |
||
| 300 |
_axxviii, 253 p. : _bill. ; _c26 cm. |
||
| 490 | 1 | _aOrientations in development series | |
| 504 | _aIncludes bibliographical references (p. 225-231) and index. | ||
| 650 | 0 |
_aPensions _zMiddle East _xFinance. _9179671 |
|
| 650 | 0 |
_aPensions _zAfrica, North _xFinance. _9179672 |
|
| 650 | 0 |
_aRetirement income _zMiddle East. _9179673 |
|
| 650 | 0 |
_aRetirement income _zAfrica, North. _9179674 |
|
| 700 | 1 |
_aWhitehouse, Edward. _9179675 |
|
| 710 | 2 |
_aWorld Bank. _9171728 |
|
| 830 | 0 |
_aOrientations in development. _9179677 |
|
| 942 |
_2ddc _cBK |
||
| 999 |
_c60374 _d60374 |
||